1261 1148 1126 1884 1045 1820 1965 1122 1412 1220 1207 1666 1073 1120 1097 1738 1069 1386 1338 1465 1386 1802 1651 1593 1148 1393 1576 1511 1291 1388 1393 1748 1011 1658 1403 1733 1408 1139 1458 1122 1546 1962 1573 1771 1104 1253 1285 1960 1134 1647 1740 1327 1914 1206 1199 1979 1844 1867 1413 1280 1797 1014 1534 1379 1591 1206 1405 1479 2000 1691 1013 1944 1609 1273 1448 1539 1087 1327 1527 1290 1733 1448 1029 1457 1612 1228 1817 1483 1982 1448 1311 1674 1540 1020 1708 1184 1808 1578 1559 BCNSPRNW ULIB Ver.6.0+V

เปลี่ยนเป็นภาษาไทย

Change to English
 แสดงรายละเอียดบรรณานุกรม
  กลับหน้าหลัก

Brief Record : Get Marc (ISO 2709) : E-mail record : QR code < ปิดหน้าต่าง
LEADER : 00000nam 2200000uu 4500
001    13399111981
003     ULIB
008    110627s2552||||th 000 0 tha d
020    9786110600965
090    นว.^bM111S 2552
100 0  Merlin
245 00 Sweet Gossip ซุบซิบ หัวใจนายน่าจุ๊บ/^cMerlin
250    พิมพ์ครั้งที่ 1
260    กรุงเทพฯ :^bแจ่มใส,^c2552
300    210 หน้า
710 1  แจ่มใส
945    ^p159^l0^i026758
995    ทศพร
999 ^a ใช้งานได้ทุกระบบ
รายการนี้ยังไม่มีแท็ก
คุณยังไม่ได้ล็อกอิน คุณสามารถมีกิจกรรมร่วมกับเว็บไซต์ได้ แต่ต้องล็อกอินก่อน ::
  ล็อกอิน

รายการสื่อสารสนเทศ

ลำดับที่ ประเภท เลขเรียก/บาร์โค้ด สถานที่ สถานะ
- ไม่พบข้อมูล -

BibComment


ยังไม่เคยถูกคอมเมนท์

คอมเมนท์ทรัพยากรรายการนี้
  คอมเมนท์: Sweet Gossip ซุบซ..


 Copyright 2026. Bcnsprnw @Library